Arboles frutales : (Registro nro. 22596)
[ vista simple ]
| 000 -CABECERA | |
|---|---|
| Longitud fija campo de control | 00986nam a2200193 a 4500 |
| 003 - • IDENTIFICADOR DELl NÚMERO DE CONTROL | |
| Identificador del número de control | CO-ViMGA |
| 008 - • CÓDIGOS DE INFORMACIÓN DE LONGITUD FIJA | |
| Códigos de información de longitud fija | 141112s2004 ck r 000 u spa d |
| 040 ## - FUENTE DE LA CATALOGACIÓN | |
| Centro catalogador de origen | CO-ViMGA |
| Lengua de catalogación | spa |
| Centro transcriptor | CO-ViMGA |
| 082 04 - • NÚMERO DE LA CLASIFICACIÓN DECIMAL DEWEY | |
| Número de clasificación (R) | 634 J872 |
| 100 1# - • PUNTO DE ACCESO PRINCIPAL-NOMBRE DE PERSONA | |
| Nombre de persona | Juscafresa, Baudilio |
| 245 10 - • TITULO PROPIAMENTE DICHO | |
| Título | Arboles frutales : |
| Resto del título | cultivo y explotación comercial |
| 250 ## - • MENCIÓN DE EDICIÓN | |
| Mención de edición | 8 |
| 300 ## - • DESCRIPCIÓN FÍSICA | |
| Extensión | 381 p : il |
| 505 ## - • NOTA DE CONTENIDO CON FORMATO | |
| Nota de contenido con formato | Del cultivo de los árboles frutales en general 15 - - Naturaleza y adaptabilidad de las tierras al cultivo de los frutales 17 - - Propiedades físicas de las tierras de cultivo 21 - - Adaptabilidad de las especies frutales según la reacción del suelo 25 - - Reproducción de los frutales 53 - - Preparación de las tierras para la plantación 79 - - Cultivos especiales Albaricoquero, almendro, avellano, ciruelo, frambueso, higuera, limonero, manzano dulce, melocotonero, naranjo 161 |
| 650 14 - • PUNTO DE ACCESO ADICIONAL DE MATERIA - TÉRMINO DE MATERIA | |
| Término de materia o nombre geográfico como elemento inicial | ARBOLES FRUTALES - CULTIVO |
| 942 ## - ENTRADA DE ELEMENTOS AGREGADOS (KOHA) | |
| Fuente de clasificaión o esquema | Dewey Decimal Classification |
| Koha [por defecto] tipo de item | LIbro |
| Perdido | Fuente de clasificación o esquema | Estado Físico | No para préstamo | Forma de adquisición | Localización permanente | Localización actual | Fecha adquisición | Serie de enumeración / cronolog&íacute;a | Préstamos totales | Signatura completa | Código de barras | Fecha última consulta | Número de copia | Fecha del precio de reemplazo | Tipo de item de Koha |
|---|---|---|---|---|---|---|---|---|---|---|---|---|---|---|---|
| Dewey Decimal Classification | Sala Especializada Tercer Piso | Biblioteca Pública Germán Arciniegas - Villavicencio | Biblioteca Pública Germán Arciniegas - Villavicencio | 12/04/2015 | Volumen. 1 | 11/jun/2009 | 634 J872 | 11397 | 12/04/2015 | Ej. 1 | 12/04/2015 | LIbro |